[Event "Capablanca mem-A"]
[Site "Cienfuegos"]
[Date "1983.??.??"]
[Round "?"]
[White "Psakhis, Lev"]
[Black "Rivas Pastor, Manuel"]
[Result "1-0"]
[WhiteElo "2580"]
[BlackElo "2465"]

1.d4 Nf6 2.c4 e6 3.Nc3 Bb4 4.e3 c5 5.Bd3 Nc6 6.Ne2 d6 7.O-O O-O 8.a3 Bxc3
9.Nxc3 e5 10.d5 Ne7 11.Qc2 g6 12.e4 Nh5 13.Bh6 Re8 14.b4 b6 15.Qd2 f6 16.Be2 Kh8
17.Bxh5 gxh5 18.f4 exf4 19.Bxf4 a6 20.Bg3 Ng8 21.bxc5 bxc5 22.Qf4 Re5 23.Bh4 Bg4
24.h3 Bd7 25.Rab1 Qe7 26.Bxf6+ Nxf6 27.Qxf6+ Qxf6 28.Rxf6 Rg8 29.Kh2 Reg5
30.Rb2 Rg3 31.Rxd6 Bxh3 32.Rb8 Rxc3 33.Rxg8+ Kxg8 34.gxh3 Kg7 35.e5 Rxc4
36.Rd7+ Kf8 37.d6 Ke8 38.Re7+ Kd8 39.Kg3  1-0

[Event "URS-ch sf"]
[Site "Irkutsk"]
[Date "1983.??.??"]
[Round "?"]
[White "Kharitonov, Andrei Y"]
[Black "Psakhis, Lev"]
[Result "1/2-1/2"]
[WhiteElo "2430"]
[BlackElo "2580"]

1.d4 Nf6 2.Nf3 e6 3.c4 c5 4.d5 exd5 5.cxd5 d6 6.Nc3 g6 7.g3 Bg7 8.Bg2 O-O
9.O-O Re8 10.Nd2 a6 11.a4 Nbd7 12.Nc4 Ne5 13.Nxe5 Rxe5 14.Bf4 Re8 15.Qc2 Rb8
16.Rab1 Nh5 17.Bd2 b5 18.axb5 axb5 19.b4 c4 20.Ra1 Qe7 21.Rfe1 f5 22.Ra5 Bd7
23.Bf3 Nf6 24.Ra7 Ng4 25.e3 Ne5 26.Be2 g5 27.Rea1 g4 28.R1a6 Qf6 29.Nb1 Bc8
30.Ra5 Re7 31.Bc3 Rxa7 32.Rxa7 Bb7 33.e4 Qf7 34.Bxe5 Bxe5 35.Nc3 Bd4 36.Ra5 Rf8
37.Rxb5 fxe4 38.Nxe4 Bxf2+ 39.Kg2 Ba7 40.Qxc4 Ba6 41.Bxg4 Bxb5  1/2-1/2

[Event "URS-ch sf"]
[Site "Irkutsk"]
[Date "1983.??.??"]
[Round "?"]
[White "Psakhis, Lev"]
[Black "Arbakov, Valentin"]
[Result "0-1"]
[WhiteElo "2580"]
[BlackElo "2425"]

1.d4 Nf6 2.c4 c5 3.d5 b5 4.Nf3 g6 5.cxb5 a6 6.Qc2 Bg7 7.e4 O-O 8.Nc3 Bb7
9.Bf4 d6 10.Bc4 axb5 11.Nxb5 Nbd7 12.O-O Nb6 13.Be2 Nxe4 14.Qxe4 Ra4 15.Nfd4 Bxd4
16.Nxd4 Rxd4 17.Qf3 Nxd5 18.Bh6 Qa8 19.Qg3 Re8 20.b3 Ba6 21.Rfe1 Bxe2 22.Rxe2 Qa6
23.Rae1  0-1

[Event "URS-ch sf"]
[Site "Irkutsk"]
[Date "1983.??.??"]
[Round "?"]
[White "Psakhis, Lev"]
[Black "Chernin, Alexander"]
[Result "1/2-1/2"]
[WhiteElo "2580"]
[BlackElo "2475"]

1.e4 d6 2.d4 Nf6 3.Bd3 e5 4.c3 d5 5.dxe5 Nxe4 6.Nf3 Nc6 7.Qe2 Nc5 8.Bc2 Bg4
9.O-O Qd7 10.Rd1 O-O-O 11.b4 Ne6 12.Bb3 Bxf3 13.Qxf3 Nxe5 14.Qe3 Bd6 15.Qxa7 c6
16.f3  1/2-1/2

[Event "URS-ch sf"]
[Site "Irkutsk"]
[Date "1983.??.??"]
[Round "?"]
[White "Psakhis, Lev"]
[Black "Timoshchenko, Gennadi A"]
[Result "1/2-1/2"]
[WhiteElo "2580"]
[BlackElo "2440"]

1.e4 e5 2.Nf3 Nc6 3.Bb5 a6 4.Ba4 Nf6 5.d3 d6 6.c3 Bd7 7.O-O g6 8.d4 Bg7 9.Nbd2 O-O
10.Re1 Re8 11.h3 Re7 12.a3 a5 13.Bc2 a4 14.d5 Nb8 15.c4 Qe8 16.Nb1 Na6 17.Be3 b6
18.Nc3 Nc5 19.Qd2 Kh8 20.Nh2 Ng8 21.f4 exf4 22.Bxf4 Nf6 23.Bh6 Qf8 24.Bxg7+ Qxg7
25.Re2 Be8 26.Rf1 Nfd7 27.Nf3 Ne5 28.Nxe5 Rxe5 29.Ref2 Kg8 30.Rf6 Nd7 31.R6f4  1/2-1/2

[Event "URS-ch sf"]
[Site "Irkutsk"]
[Date "1983.??.??"]
[Round "?"]
[White "Psakhis, Lev"]
[Black "Zilberstein, Valery I"]
[Result "1-0"]
[WhiteElo "2580"]
[BlackElo "2400"]

1.d4 Nf6 2.Nf3 g6 3.Bg5 d6 4.Nbd2 Bg7 5.e4 h6 6.Bh4 g5 7.Bg3 Nh5 8.c3 e6
9.Bc4 Qe7 10.O-O Nxg3 11.hxg3 Nd7 12.a4 h5 13.Qe1 Nf8 14.e5 d5 15.Bd3 Bh6
16.g4 Bd7 17.Qe2 hxg4 18.Nh2 Bg7 19.Nxg4 f5 20.exf6 Bxf6 21.Nb3 a5 22.Nc5 b6
23.Nxd7 Kxd7 24.f4 Kc6 25.f5 exf5 26.Rxf5 Qxe2 27.Bxe2 Bg7 28.Bf3 Rd8 29.Re1 Rh7
30.Ne3 Kb7 31.Nxd5  1-0

[Event "URS-FL"]
[Site "Tallinn"]
[Date "1983.??.??"]
[Round "?"]
[White "Malaniuk, Vladimir P"]
[Black "Psakhis, Lev"]
[Result "1/2-1/2"]
[WhiteElo "2485"]
[BlackElo "2525"]

1.e4 e6 2.d4 d5 3.exd5 exd5 4.Bd3 Bd6 5.Ne2 Ne7 6.Bf4 O-O 7.O-O c6 8.c3 Bxf4
9.Nxf4 Bf5 10.Nd2 Bxd3 11.Nxd3 Nd7 12.Re1 Re8 13.Qf3 Ng6 14.Rxe8+ Qxe8 15.Re1 Qd8
16.g3 Qf6 17.Qxf6 Nxf6 18.Kg2 Re8 19.Rxe8+ Nxe8 20.Kf3 Nd6 21.Ke3 f6 22.Nf4 Nxf4
23.Kxf4 Kf7 24.f3 g6 25.Ke3 Ke6 26.Kf4 Kf7 27.Ke3 g5 28.g4 f5 29.h3 f4+ 30.Kd3 Ke6  1/2-1/2

[Event "URS-FL"]
[Site "Tallinn"]
[Date "1983.??.??"]
[Round "?"]
[White "Yurtaev, Leonid"]
[Black "Psakhis, Lev"]
[Result "0-1"]
[WhiteElo "2360"]
[BlackElo "2525"]

1.e4 c5 2.Nf3 d6 3.d4 cxd4 4.Nxd4 Nf6 5.Nc3 e6 6.f4 a6 7.a4 Be7 8.Be2 O-O
9.O-O Qc7 10.Be3 b6 11.Bf3 Bb7 12.g4 Nfd7 13.g5 Nc6 14.Nde2 Rfe8 15.Bg2 Bf8
16.Rf3 Nb4 17.Rh3 g6 18.Ra3 Rac8 19.Nd4 Bg7 20.Rb3 Nc6 21.Nxc6 Bxc6 22.Qe1 Nc5
23.Rb4 f5 24.Qh4 Bxc3 25.bxc3 Bxe4 26.Rxb6 Re7 27.a5 Bxg2 28.Kxg2 Na4 29.Bf2 Nxb6
30.axb6 Qc6+ 31.Kg1 a5 32.Bd4 a4 33.Qe1 e5 34.Re3 Rce8 35.Re2 a3 36.fxe5 dxe5
37.Bf2 e4 38.Bd4 a2 39.Qa1 Qc4 40.Re1 e3 41.Qb2 f4 42.b7 f3  0-1

[Event "URS-FL"]
[Site "Tallinn"]
[Date "1983.??.??"]
[Round "?"]
[White "Psakhis, Lev"]
[Black "Makarichev, Sergey"]
[Result "1/2-1/2"]
[WhiteElo "2525"]
[BlackElo "2510"]

1.d4 Nf6 2.Nf3 e6 3.Bg5 h6 4.Bxf6 Qxf6 5.Nbd2 d6 6.e4 Nd7 7.Bd3 g6 8.c3 Bg7
9.a4 Qe7 10.a5 a6 11.O-O O-O 12.Re1 e5 13.Qc2 Nf6 14.Nc4 Nh5 15.Ne3 Be6 16.Bc4 Rae8
17.Bxe6 fxe6 18.dxe5 Rxf3 19.gxf3 Bxe5 20.Ng4 Rf8 21.Kh1 Qh4 22.Nxe5 dxe5
23.Re3 Nf4 24.Rg1 Rd8 25.Ree1 Rd7 26.Rg4 Qd8 27.Rxf4 exf4 28.Qb3 Kf7 29.Qxb7 Qh4
30.Qc6 Rd2 31.Qxc7+ Ke8 32.Qc6+ Kf7 33.Qb7+ Kf8 34.Qa8+ Kf7 35.Qa7+ Ke8 36.Kg2 Qg5+
37.Kf1 Qh4 38.Qa8+ Kf7  1/2-1/2

[Event "URS-FL"]
[Site "Tallinn"]
[Date "1983.??.??"]
[Round "?"]
[White "Psakhis, Lev"]
[Black "Korzubov, Peter"]
[Result "1/2-1/2"]
[WhiteElo "2525"]
[BlackElo "2450"]

1.d4 e6 2.c4 d5 3.Nc3 Bb4 4.e3 c5 5.cxd5 exd5 6.Bb5+ Nc6 7.Ne2 Ne7 8.O-O O-O
9.dxc5 Bxc5 10.b3 Bg4 11.h3 Bh5 12.Bb2 Rc8 13.Qd2 d4 14.Bxc6 Nxc6 15.Nf4 Bb4
16.exd4 Nxd4 17.Kh1 Ne6 18.Qxd8 Rfxd8 19.Ncd5 Nxf4 20.Nxf4 Bg6 21.a3 Bc3
22.Bxc3 Rxc3 23.Rfd1 Rxd1+ 24.Rxd1 h5 25.Nxg6 fxg6 26.Rd8+ Kh7 27.Ra8 a6
28.b4 Rxa3 29.b5 Ra4 30.bxa6 bxa6 31.g3 g5 32.Kg2 Ra3 33.Rc8 a5 34.g4 h4
35.Rc5 Kh6 36.Rc6+  1/2-1/2

[Event "URS-FL"]
[Site "Tallinn"]
[Date "1983.??.??"]
[Round "?"]
[White "Psakhis, Lev"]
[Black "Kholmov, Ratmir D"]
[Result "1/2-1/2"]
[WhiteElo "2525"]
[BlackElo "2475"]

1.Nf3 Nf6 2.c4 e6 3.Nc3 d5 4.d4 Be7 5.Bg5 h6 6.Bh4 O-O 7.e3 Ne4 8.Bxe7 Qxe7
9.Rc1 Nxc3 10.Rxc3 c6 11.Bd3 Nd7 12.O-O e5 13.cxd5 e4 14.dxc6 bxc6 15.Be2 exf3
16.Bxf3 Bb7 17.Bxc6 Bxc6 18.Rxc6 Rac8 19.Rxc8 Rxc8 20.Qd2 Qe6 21.b3 Qc6 22.h3 f5
23.Qa5 g6 24.b4 Qb7 25.b5 Nb6 26.Qb4 Rc4 27.Qd6 Kh7 28.Rd1 Qd7 29.Qe5 Rc8
30.Rd3 Nc4 31.Qf6 Nd6 32.d5 Ne4 33.Qb2 Rc5 34.a4 Rxd5 35.Rxd5 Qxd5 36.a5 Nd6
37.b6 a6 38.Qf6 Nb7 39.Qe7+ Kg8 40.Qe8+ Kg7 41.Qe7+ Qf7 42.Qe5+ Kh7 43.f4 Qg7  1/2-1/2

[Event "URS-FL"]
[Site "Tallinn"]
[Date "1983.??.??"]
[Round "?"]
[White "Psakhis, Lev"]
[Black "Kharitonov, Andrei Y"]
[Result "1-0"]
[WhiteElo "2525"]
[BlackElo "2440"]

1.d4 Nf6 2.c4 e6 3.Nf3 d5 4.Nc3 Be7 5.Bg5 h6 6.Bh4 O-O 7.e3 b6 8.Qb3 Bb7
9.Bxf6 Bxf6 10.cxd5 exd5 11.Rd1 Re8 12.a3 c6 13.Bd3 Nd7 14.O-O Nf8 15.Rfe1 Ne6
16.Bb1 g6 17.Ba2 Bg7 18.Qa4 Ng5 19.Ne5 Qd6 20.f4 Nh7 21.e4 Nf6 22.exd5 cxd5
23.Nb5 Qd8 24.Rc1 Re7 25.Qb4 Ne8 26.Re3 Bf6 27.Rce1 a5 28.Qd2 Nd6 29.Nc3 Nf5
30.Rh3 h5 31.Rc1 Rc7 32.Rd1 Re7 33.Bb1 Qc8 34.Nb5 Qe6 35.Rc1 Rc8 36.Rxc8+ Bxc8
37.Rc3 Bd7 38.Nc7 Qd6 39.Bxf5 Bxf5 40.Nb5 Qd8 41.Nc6 Qd7  1-0

[Event "Lvov"]
[Site "Lvov"]
[Date "1984.??.??"]
[Round "1"]
[White "Mikhalchishin, Adrian"]
[Black "Psakhis, Lev"]
[Result "1/2-1/2"]
[WhiteElo "2480"]
[BlackElo "2535"]

1.Nf3 Nf6 2.d4 b6 3.g3 Bb7 4.c4 g6 5.Bg2 Bg7 6.O-O O-O 7.Nc3 Ne4 8.Nxe4 Bxe4
9.Be3 d6 10.Qd2 c5 11.Bh6 Nc6 12.Bxg7 Kxg7 13.d5 Bxf3 14.Bxf3 Ne5 15.Bg2 Kg8
16.b3 Rb8 17.f4 Nd7 18.e4 b5 19.cxb5 Rxb5 20.Qe2 Qb6 21.Kh1 Rb4 22.e5 Rd4
23.Rad1 Rxd1 24.Rxd1 Qc7 25.Re1  1/2-1/2

[Event "Lvov"]
[Site "Lvov"]
[Date "1984.??.??"]
[Round "3"]
[White "Georgiev, Kiril"]
[Black "Psakhis, Lev"]
[Result "1/2-1/2"]
[WhiteElo "2430"]
[BlackElo "2535"]

1.d4 f5 2.Nf3 Nf6 3.g3 g6 4.Bg2 Bg7 5.O-O O-O 6.b3 d6 7.Bb2 e6 8.c4 Qe7 9.Nc3 Nc6
10.Re1 Ne4 11.e3 Nxc3 12.Bxc3 e5 13.b4 e4 14.Nd2 Be6 15.b5 Nd8 16.f4 g5 17.Qb3 gxf4
18.exf4 Bd7 19.d5 b6 20.Qb2 Nb7 21.Nb3  1/2-1/2

[Event "Lvov"]
[Site "Lvov"]
[Date "1984.??.??"]
[Round "5"]
[White "Dorfman, Josif D"]
[Black "Psakhis, Lev"]
[Result "1/2-1/2"]
[WhiteElo "2515"]
[BlackElo "2535"]

1.d4 Nf6 2.c4 e6 3.g3 d5 4.Nf3 dxc4 5.Bg2 Bd7 6.Ne5 Bc6 7.Nxc6 Nxc6 8.Qa4 Bb4+
9.Bd2 Bxd2+ 10.Nxd2 O-O 11.Bxc6 bxc6 12.Qxc4 Qd5 13.O-O Rfd8 14.Qxd5 Rxd5
15.Nb3 a5  1/2-1/2

[Event "Lvov"]
[Site "Lvov"]
[Date "1984.??.??"]
[Round "6"]
[White "Psakhis, Lev"]
[Black "Boensch, Uwe"]
[Result "0-1"]
[WhiteElo "2535"]
[BlackElo "2425"]

1.d4 d5 2.c4 e6 3.Nc3 Be7 4.Nf3 Nf6 5.Bg5 h6 6.Bxf6 Bxf6 7.e3 O-O 8.Qd2 c6
9.h4 Nd7 10.g4 g6 11.g5 hxg5 12.hxg5 Bg7 13.O-O-O b5 14.cxb5 cxb5 15.Bxb5 Rb8
16.Bxd7 Bxd7 17.Ne5 Qc7 18.f4 Ba4 19.Rdg1 Rfc8 20.Rg3 Qa5 21.Nd3 Bb3 22.a3 Bc4
23.Ne5 Ba2 24.Rgh3 Rb3 25.e4 dxe4 26.Kd1 Rc7 27.d5 exd5 28.Qh2 Kf8 29.f5 gxf5
30.g6 Rcxc3 31.bxc3 Rb1+ 32.Kd2 Rb2+ 33.Kd1 Qa4+ 34.Ke1 Rxh2  0-1

[Event "Lvov"]
[Site "Lvov"]
[Date "1984.??.??"]
[Round "9"]
[White "Horvath, Tamas"]
[Black "Psakhis, Lev"]
[Result "0-1"]
[WhiteElo "2440"]
[BlackElo "2535"]

1.e4 c5 2.Nf3 d6 3.d4 cxd4 4.Nxd4 Nf6 5.Nc3 a6 6.Bc4 e6 7.Bb3 b5 8.O-O Be7
9.Qf3 Qb6 10.Be3 Qb7 11.Qg3 Bd7 12.f4 b4 13.e5 Nh5 14.Qh3 bxc3 15.Qxh5 cxb2
16.Rae1 g6 17.Qh6 Bf8 18.Qg5 Be7 19.Qg3 d5 20.f5 gxf5 21.Qg7 Rf8 22.Qxh7 a5
23.a4 Na6 24.Bh6 O-O-O 25.Bxf8 Rxf8 26.Qh3 Bc5 27.Qc3 Qb4 28.Qxb4 axb4 29.Rf4 f6
30.Ba2 fxe5 31.Rxe5 b3 32.cxb3 Nb4 33.Bb1 Nc6  0-1

[Event "Lvov"]
[Site "Lvov"]
[Date "1984.??.??"]
[Round "10"]
[White "Short, Nigel D"]
[Black "Psakhis, Lev"]
[Result "0-1"]
[WhiteElo "2500"]
[BlackElo "2535"]

1.e4 c5 2.Nf3 d6 3.d4 cxd4 4.Nxd4 Nf6 5.Nc3 a6 6.f4 e5 7.Nf3 Nbd7 8.a4 Be7
9.Bc4 Qa5 10.fxe5 Nxe5 11.Nxe5 dxe5 12.Bd2 Qc5 13.Bd3 Bg4 14.Qc1 Be6 15.Be3 Qc6
16.h3 Bb4 17.Bd2 O-O 18.O-O Bxc3 19.Bxc3 Nxe4 20.Bxe4 Qxe4 21.Re1 Qg6 22.Rxe5 Bxh3
23.Qg5 Bd7 24.Qe7 Qb6+ 25.Kh1 Qh6+ 26.Kg1 Bc6 27.Rg5 f6 28.Qe6+ Kh8 29.Rg3 Rae8
30.Qd6 Rd8 31.Qe7 Rfe8 32.Qf7 Rf8 33.Qe7 Rde8 34.Qd6 Qh4 35.Rd1 Rf7 36.Rd4 Rd7
37.Re3 Qxd4  0-1

[Event "Lvov"]
[Site "Lvov"]
[Date "1984.??.??"]
[Round "13"]
[White "Psakhis, Lev"]
[Black "Eingorn, Vereslav S"]
[Result "1/2-1/2"]
[WhiteElo "2535"]
[BlackElo "2475"]

1.d4 e6 2.Nf3 Nf6 3.c4 b6 4.g3 Ba6 5.b3 Bb4+ 6.Bd2 Be7 7.Nc3 Bb7 8.Bg2 O-O
9.O-O d5 10.cxd5 exd5 11.Bf4 Nbd7 12.Qc2 c5 13.Rad1 Rc8 14.Nb5 a6 15.Nd6 Bxd6
16.Bxd6 Re8 17.Bf4 Qe7 18.Rfe1 Ne4 19.dxc5 bxc5 20.Bc1 Ndf6 21.Bh3 Rcd8 22.e3 h5
23.Nh4 Ng4 24.f3 Ngf2 25.Bg2 Nxd1 26.fxe4 dxe4 27.Rxd1 Rxd1+ 28.Qxd1 Rd8
29.Qxh5 Qf6 30.Bf1 Qc3 31.Nf5 g6 32.Qg5 Rd1 33.Ba3 Qa1 34.Ne7+ Kf8 35.Nxg6+ fxg6
36.Bxc5+ Kf7 37.Qe7+ Kg8 38.Qf8+ Kh7 39.Bd4 Rxd4 40.Qf7+ Kh6 41.Qf4+ Kh7
42.Qf7+ Kh6 43.exd4 Qxd4+ 44.Qf2 e3 45.Qf4+ Qxf4 46.gxf4 a5 47.Bd3 g5 48.fxg5+ Kxg5
49.Kf1 Bf3 50.Ke1 Kh4 51.Bf5 Kg5 52.Be6 Kh4 53.a3 Kg5 54.b4 axb4 55.axb4 Bc6
56.Ke2 Kf4 57.Bc4 Be8 58.Ke1 Bd7 59.Be2 Kg5 60.Ba6 Kf5 61.Bc4 Kg4 62.Ke2 Kf4
63.h4 Be8 64.Ba6 Kg4 65.Kxe3 Kxh4 66.Kd4 Kg5 67.Kc5 Kf6 68.Bb5 Bh5 69.Kd6 Bd1
70.Bc4 Ba4 71.Bd5 Bb5 72.Kc5 Ba4  1/2-1/2

[Event "URS-FL"]
[Site "Sverdlovsk"]
[Date "1984.??.??"]
[Round "?"]
[White "Chernin, Alexander"]
[Black "Psakhis, Lev"]
[Result "1/2-1/2"]
[WhiteElo "2475"]
[BlackElo "2565"]

1.Nf3 Nf6 2.d4 e6 3.c4 b6 4.g3 Ba6 5.b3 Bb4+ 6.Bd2 Be7 7.Bg2 c6 8.Bc3 d5
9.Nbd2 Nbd7 10.O-O O-O 11.Re1 c5 12.e4 dxe4 13.Nxe4 Nxe4 14.Rxe4 Bb7 15.Re3 Bf6
16.dxc5 Bxc3 17.Rxc3 Nxc5 18.Rcc1 Nd3 19.Rc3 Nc5 20.Rcc1 Nd3 21.Rc3 Nc5 22.Rcc1 Nd3  1/2-1/2

[Event "URS-FL"]
[Site "Sverdlovsk"]
[Date "1984.??.??"]
[Round "?"]
[White "Gorelov, Sergey G"]
[Black "Psakhis, Lev"]
[Result "1/2-1/2"]
[WhiteElo "2420"]
[BlackElo "2565"]

1.d4 e6 2.g3 f5 3.Bg2 Nf6 4.Nf3 Be7 5.O-O O-O 6.c4 d5 7.Qc2 c6 8.Nbd2 b6
9.b3 Bb7 10.Bb2 Qc8 11.e3 a5 12.a3 Nbd7 13.Ng5 Nb8 14.Ngf3 Nbd7 15.Ng5 Nb8
16.Ngf3  1/2-1/2

[Event "URS-FL"]
[Site "Sverdlovsk"]
[Date "1984.??.??"]
[Round "?"]
[White "Psakhis, Lev"]
[Black "Gavrikov, Viktor"]
[Result "1/2-1/2"]
[WhiteElo "2565"]
[BlackElo "2505"]

1.c4 e5 2.Nc3 Bb4 3.Qc2 Nf6 4.Nf3 Nc6 5.e3 Bxc3 6.Qxc3 Qe7 7.Be2 d5 8.d3 O-O
9.a3 dxc4 10.Qxc4 Be6 11.Qa4 Bd7 12.Qc4 Be6 13.Qa4 Bd7 14.Qc4 Be6 15.Qa4  1/2-1/2

[Event "URS-FL"]
[Site "Sverdlovsk"]
[Date "1984.??.??"]
[Round "?"]
[White "Psakhis, Lev"]
[Black "Kholmov, Ratmir D"]
[Result "1-0"]
[WhiteElo "2565"]
[BlackElo "2445"]

1.Nf3 Nf6 2.c4 e6 3.Nc3 Bb4 4.Qc2 O-O 5.a3 Bxc3 6.Qxc3 d6 7.d4 b6 8.g3 Bb7
9.Bg2 Nbd7 10.O-O a5 11.b3 Qe7 12.Bb2 Rfe8 13.Rfe1 c5 14.Rad1 d5 15.Ne5 cxd4
16.Qxd4 Nxe5 17.Qxe5 dxc4 18.Bxb7 Qxb7 19.Rd4 c3 20.Bxc3 Nd5 21.Bb2 f6 22.Qe4 Rac8
23.Qd3 Rc7 24.Rh4 h6 25.Qg6 Kf8 26.a4 b5 27.e4 Ne7 28.Qh7 Nc6 29.axb5 Ne5
30.Bxe5 fxe5 31.Rg4 Rf7 32.Re3 Qd7 33.Re1 Qxb5 34.Rg6 Qxb3 35.Rc1 Qb6 36.Kg2 a4
37.Kh3 Rd8 38.Rc3 Qd6 39.Rxg7 Rxg7 40.Rf3+ Ke8 41.Qxg7 Qe7 42.Qg6+ Kd7 43.Rf7  1-0

[Event "URS Cup"]
[Site "URS"]
[Date "1984.??.??"]
[Round "?"]
[White "Sveshnikov, Evgeny"]
[Black "Psakhis, Lev"]
[Result "1/2-1/2"]
[WhiteElo "2515"]
[BlackElo "2535"]

1.e4 e6 2.d4 d5 3.e5 c5 4.c3 Nc6 5.Nf3 Bd7 6.Be2 Nh6 7.Na3 cxd4 8.cxd4 Bb4+
9.Kf1 Be7 10.Nc2 f6 11.Bxh6 gxh6 12.g3 O-O 13.Kg2 Be8 14.Re1 Qb6 15.exf6 Bxf6
16.Bd3 Bd7 17.Qd2 Kg7 18.Ne5 Bxe5 19.dxe5 Be8 20.Ne3 Qd4 21.Nc2 Qb6 22.Ne3 Qd4
23.Nc2 Qb6  1/2-1/2

[Event "URS Cup"]
[Site "URS"]
[Date "1984.??.??"]
[Round "?"]
[White "Kholmov, Ratmir D"]
[Black "Psakhis, Lev"]
[Result "0-1"]
[WhiteElo "2465"]
[BlackElo "2535"]

1.e4 e6 2.d4 d5 3.exd5 exd5 4.Bd3 Nc6 5.c3 Bd6 6.Nf3 Bg4 7.O-O Nge7 8.Re1 Qd7
9.Nbd2 O-O-O 10.b4 Rde8 11.b5 Nd8 12.Qa4 Kb8 13.Ba3 f6 14.Bxd6 Qxd6 15.Re3 Nc8
16.Rae1 Rxe3 17.Rxe3 Qd7 18.Qd1 g6 19.a4 Nf7 20.Nb3 b6 21.h3 Bxf3 22.Rxf3 f5
23.c4 dxc4 24.Bxc4 Re8 25.Qc1 Nfd6 26.Re3 Rxe3 27.fxe3 a6 28.Nd2 axb5 29.axb5 Qe8
30.Nf3 Nxc4 31.Qxc4 Nd6 32.Qc1 Qxb5 33.Qc2 Qc4 34.Qxc4 Nxc4 35.Kf2 b5 36.Ke2 Nd6
37.Kd3 Kb7 38.Ne5 Kb6 39.Kc3 Ka5 40.Kb3 Ne4 41.Nd7 b4 42.Ne5  0-1

[Event "URS Cup"]
[Site "URS"]
[Date "1984.??.??"]
[Round "?"]
[White "Tukmakov, Vladimir B"]
[Black "Psakhis, Lev"]
[Result "1/2-1/2"]
[WhiteElo "2550"]
[BlackElo "2535"]

1.d4 Nf6 2.Nf3 e6 3.c4 b6 4.g3 Ba6 5.b3 Bb4+ 6.Bd2 Be7 7.Nc3 Bb7 8.Bg2 O-O
9.Qc2 d5 10.cxd5 exd5 11.O-O Na6 12.Bf4 Qd7 13.Rfd1 h6 14.Be5 Qe6 15.Nh4 Ne4
16.Nxe4 Bxh4 17.Nc3 Be7 18.a3 c5 19.e4 dxe4 20.Bxe4 Bxe4 21.Nxe4 cxd4 22.Bxd4 Rac8
23.Qd3 Nc5 24.Nxc5 Bxc5 25.Bxc5 Rxc5  1/2-1/2

[Event "URS-FL"]
[Site "Kharkov"]
[Date "1985.??.??"]
[Round "?"]
[White "Novikov, Igor A"]
[Black "Psakhis, Lev"]
[Result "1/2-1/2"]
[WhiteElo "2465"]
[BlackElo "2540"]

1.d4 Nf6 2.c4 e6 3.Nf3 b6 4.g3 Ba6 5.b3 Bb4+ 6.Bd2 Be7 7.Bg2 c6 8.Bc3 d5
9.Nbd2 Nbd7 10.O-O O-O 11.Re1 c5 12.e4 dxe4 13.Nxe4 Bb7 14.Nfg5 cxd4 15.Bxd4 Qc7
16.Nxf6+ Bxf6 17.Bxb7 Qxb7 18.Ne4 Bxd4 19.Qxd4 Rad8 20.Rad1 Qa8 21.Qc3 Nb8
22.Nf6+ gxf6 23.Qxf6 Nc6  1/2-1/2

[Event "Sochi"]
[Site "Sochi"]
[Date "1985.??.??"]
[Round "?"]
[White "Psakhis, Lev"]
[Black "Foisor, Ovidiu"]
[Result "1-0"]
[WhiteElo "2555"]
[BlackElo "2430"]

1.d4 Nf6 2.c4 e6 3.Nc3 d5 4.cxd5 exd5 5.Bg5 Be7 6.e3 Nbd7 7.Bd3 O-O 8.Nf3 Re8
9.Qc2 Nf8 10.O-O c6 11.a3 Ne4 12.Bf4 Nxc3 13.bxc3 Bd6 14.Bg3 Ng6 15.c4 Bxg3
16.hxg3 Be6 17.Rfb1 Qe7 18.a4 Rac8 19.c5 Rc7 20.Rb4 Bc8 21.a5 a6 22.Nd2 Qg5
23.e4 Rce7 24.Rf1 Nf8 25.exd5 Qxd5 26.Qb1 Qh5 27.Nc4 Re6 28.Qd1 Qxd1 29.Rxd1 Re1+
30.Rxe1 Rxe1+ 31.Kh2 Rd1 32.Nd6 Rxd3 33.Nxc8 g6 34.Rxb7 Rxd4 35.Rb6 Ne6 36.Rxa6 Ra4
37.Ne7+ Kg7 38.Nxc6 Nxc5 39.Ra7 Ra2 40.f4 Nb3 41.g4 h6 42.Kh3 Ra4 43.g3 Ra2
44.Ne5 Nd2 45.Nxf7 Kf8 46.Nxh6  1-0

[Event "Sochi"]
[Site "Sochi"]
[Date "1985.??.??"]
[Round "?"]
[White "Gulko, Boris F"]
[Black "Psakhis, Lev"]
[Result "1/2-1/2"]
[WhiteElo "2475"]
[BlackElo "2555"]

1.g3 c5 2.Bg2 g6 3.c4 Bg7 4.e3 Nc6 5.Ne2 e6 6.Nbc3 Nge7 7.Nf4 O-O 8.O-O d6
9.b3 a6 10.Bb2 b5 11.d3 Bb7 12.Qd2 Qb6 13.Ne4 e5 14.Ne2 Rad8 15.N4c3 f5 16.f4 b4
17.Na4 Qa7 18.Rac1 Na5 19.d4 cxd4 20.exd4 Nac6 21.Kh1 Nxd4 22.Nxd4 exd4 23.Rfe1 Rfe8
24.Re6 Be4 25.Re1 d5 26.c5 Rc8 27.Bxd4  1/2-1/2

[Event "Sochi"]
[Site "Sochi"]
[Date "1985.??.??"]
[Round "?"]
[White "Eingorn, Vereslav S"]
[Black "Psakhis, Lev"]
[Result "1/2-1/2"]
[WhiteElo "2525"]
[BlackElo "2555"]

1.d4 Nf6 2.c4 e6 3.Nf3 b6 4.g3 Ba6 5.b3 Bb4+ 6.Bd2 Be7 7.Bg2 c6 8.Bc3 d5
9.Nbd2 O-O 10.O-O Nbd7 11.Re1 c5 12.e4 dxe4 13.Nxe4 Nxe4 14.Rxe4  1/2-1/2

[Event "Sochi"]
[Site "Sochi"]
[Date "1985.??.??"]
[Round "?"]
[White "Psakhis, Lev"]
[Black "Tseitlin, Mikhail S"]
[Result "1-0"]
[WhiteElo "2555"]
[BlackElo "2445"]

1.c4 f5 2.Nc3 Nf6 3.g3 d6 4.Bg2 g6 5.e3 Bg7 6.Nge2 O-O 7.O-O e5 8.d3 Kh8
9.Rb1 a5 10.Bd2 Nbd7 11.Qc2 Nc5 12.Rbd1 c6 13.d4 exd4 14.exd4 Nce4 15.Bc1 Re8
16.d5 cxd5 17.cxd5 Bd7 18.Nxe4 Nxe4 19.Be3 Bb5 20.Rfe1 Rc8 21.Qb1 Ba4 22.Rc1 Rxc1
23.Qxc1 Nc5 24.Nf4 Bd7 25.h4 b6 26.Rd1 Be5 27.Ne2 Kg8 28.Nd4 Bg7 29.Bg5 Qc7
30.Nc6 Kf7 31.Bf3 Bc8 32.Kg2 Ba6 33.Qc2 Kf8 34.h5 Ne4 35.hxg6 hxg6 36.Be3 Nc5
37.a3 Rxe3 38.fxe3 a4 39.e4 Bc8 40.exf5 Bxf5 41.Qe2 Bf6 42.Nd4 Qg7 43.Ne6+ Bxe6
44.dxe6 Be5 45.Bd5 Ke7 46.Rf1 Nxe6 47.Qc4 Qg8 48.Qc6 Qb8 49.Qxa4 b5 50.Qh4+ g5
51.Qh7+  1-0

[Event "Sochi"]
[Site "Sochi"]
[Date "1985.??.??"]
[Round "?"]
[White "Psakhis, Lev"]
[Black "Haik, Aldo"]
[Result "1-0"]
[WhiteElo "2555"]
[BlackElo "2455"]

1.e4 e5 2.Nf3 Nc6 3.Bb5 d6 4.d4 Bd7 5.Nc3 exd4 6.Nxd4 g6 7.Be3 Bg7 8.Qd2 Nf6
9.Bxc6 bxc6 10.Bh6 O-O 11.Bxg7 Kxg7 12.O-O-O Re8 13.f3 Qb8 14.g4 Qb4 15.a3 Qb7
16.Rde1 Rab8 17.Nd1 c5 18.Ne2 Re5 19.Ng3 Bc6 20.h4 d5 21.g5 Nd7 22.h5 dxe4
23.hxg6 fxg6 24.f4 Rd5 25.Qc3+ Rd4 26.Ne2 Qb6 27.Ne3 Nf8 28.Rd1 Ne6 29.f5 Bb5
30.Nd5 Qd6 31.fxe6 Qxd5 32.Nxd4  1-0

[Event "Sochi"]
[Site "Sochi"]
[Date "1985.??.??"]
[Round "?"]
[White "Pigusov, Evgeny"]
[Black "Psakhis, Lev"]
[Result "1/2-1/2"]
[WhiteElo "2455"]
[BlackElo "2555"]

1.Nf3 Nf6 2.c4 b6 3.g3 Bb7 4.Bg2 c5 5.b3 g6 6.Bb2 Bg7 7.Nc3 O-O 8.O-O Ne4
9.Qc2 Nxc3 10.Bxc3 Bxc3 11.Qxc3 d5 12.cxd5 Qxd5 13.d4 cxd4 14.Qxd4 Nd7 15.Rfd1 Qxd4
16.Nxd4 Bxg2 17.Kxg2 Rfc8 18.Rac1 Nf6  1/2-1/2

[Event "Sochi"]
[Site "Sochi"]
[Date "1985.??.??"]
[Round "?"]
[White "Psakhis, Lev"]
[Black "Arkhipov, Sergey"]
[Result "1/2-1/2"]
[WhiteElo "2555"]
[BlackElo "2550"]

1.d4 d5 2.Nf3 c5 3.c4 e6 4.e3 Nc6 5.Nc3 Nf6 6.a3 cxd4 7.exd4 Be7 8.c5 Ne4
9.Qc2 e5 10.Nxe5 Nxe5 11.Nxe4 Nc6 12.Nd6+ Bxd6 13.cxd6 O-O 14.Be3 Re8 15.Bd3 Nxd4
16.Bxh7+ Kh8 17.Qd1 Kxh7 18.Qxd4 Qxd6 19.Rd1 Qg6 20.Qh4+ Kg8 21.O-O Re4 22.Qg5 Qxg5
23.Bxg5 Be6  1/2-1/2

[Event "URS-FL"]
[Site "Irkutsk"]
[Date "1986.??.??"]
[Round "?"]
[White "Serper, Grigory"]
[Black "Psakhis, Lev"]
[Result "1/2-1/2"]
[WhiteElo "2200"]
[BlackElo "2555"]

1.e4 e6 2.d4 d5 3.Nd2 c5 4.exd5 exd5 5.Ngf3 Nc6 6.Bb5 Bd6 7.dxc5 Bxc5 8.O-O Ne7
9.Nb3 Bd6 10.Re1 O-O 11.Bd3 h6 12.h3 Nf5 13.c3 Qf6 14.Bc2 Rd8 15.Nbd4 Nfxd4
16.Nxd4 Nxd4 17.Qxd4 Qxd4 18.cxd4 Bd7 19.Bd2 Rac8 20.Bb3 Bc6 21.a3 Re8 22.Rxe8+ Rxe8
23.Re1  1/2-1/2

[Event "URS-FL"]
[Site "Irkutsk"]
[Date "1986.??.??"]
[Round "?"]
[White "Psakhis, Lev"]
[Black "Pigusov, Evgeny"]
[Result "1/2-1/2"]
[WhiteElo "2555"]
[BlackElo "2500"]

1.e4 c5 2.Nf3 d6 3.d4 cxd4 4.Nxd4 Nf6 5.Nc3 a6 6.f4 e5 7.Nf3 Nbd7 8.a4 Be7
9.Bd3 O-O 10.O-O exf4 11.Kh1 Nc5 12.Bxf4 Bd7 13.Qe2 Re8 14.a5 Rc8 15.Be3 Bf8
16.Bg5 Be7 17.Nd2 Bc6 18.Qf2 Rf8 19.Qf5 Bd7 20.Qf3 Bc6 21.Qf5 Bd7 22.Qf3 Bc6  1/2-1/2

[Event "URS-FL"]
[Site "Irkutsk"]
[Date "1986.??.??"]
[Round "?"]
[White "Psakhis, Lev"]
[Black "Gavrikov, Viktor"]
[Result "1/2-1/2"]
[WhiteElo "2555"]
[BlackElo "2550"]

1.c4 Nf6 2.g3 e5 3.Bg2 c6 4.d4 exd4 5.Qxd4 d5 6.Nf3 Be7 7.cxd5 cxd5 8.O-O Nc6
9.Qa4 Qb6 10.Nc3 O-O 11.Qb5 d4 12.Qxb6 axb6 13.Nb5 Rd8 14.Bf4 Bc5 15.a3 Ra5
16.Nc7 Be7 17.b4 Ra4 18.Rfd1 Bf5 19.Nb5 Bc2 20.Rd2 d3 21.exd3 Bxd3 22.Nc3 Raa8
23.Rdd1 Bf5 24.Nb5 Nd5 25.Rxd5 Rxd5 26.Nc7 Rdd8 27.Nxa8 Rxa8 28.Re1 Kf8 29.Re3 Rc8
30.h3 h6 31.g4 Be6 32.Ne5 g5 33.Bg3 Nd8 34.Rd3 Ke8 35.Be4 Rc1+ 36.Kg2 Nc6  1/2-1/2